000 00799nam a2200181 i 4500
001 158559
003 ES-MaACL
005 20250814063246.0
008 010723s1887 sp |||| | spa d
040 _aCAM
_bspa
_cCAM
100 1 _aMaldonado, Luis,
_d1860-1926
_9143126
245 1 3 _aEl consentimiento y el consejo paternos para contraer matrimonio en los códigos patrios
_b: estudio jurídico /
_cLuis Maldonado y Férnandez de Ocampo.
260 _aMadrid :
_b[s.n.],
_c1887 (
_fest. tipográfico "Sucesores de Rivadeneyra")
300 _a76 p. ;
_c25 cm.
650 7 _aMatrimonio
_2embne
_914855
852 _aES-MaACL
_jT-688-F-9
_z-- Enc. hol., conservando la cub. original
_z-- An. ms.: ded. del autor a Manuel Saenz Díez
_z-- Enc. en un vol. facticio
999 _c158559
_d158559